Suomen kunnat, joiden nimessä on G - Statistics

Yleistilastot
  • Tätä visaa on pelattu 117 kertaa
  • Keskiarvotulos 5 / 6
Vastaustilastot
Maakunta Kunta % Oikein
Ahvenanmaa Geta
95%
Pirkanmaa Kangasala
88%
Ahvenanmaa Föglö
86%
Ahvenanmaa Sottunga
83%
Etelä-Savo Kangasniemi
80%
Ahvenanmaa Kumlinge
77%
Ehtoja vastaavia visoja ei löytynyt
Tulosjakauma
Jokaisen tuloksen saaneiden osuus
Persentiili vastausten määrän mukaan
Tuloshistoriasi
Et ole pelannut tätä visaa